000 00188nam a2200085 4500
001 1257381
005 20260212104451.0
245 _aPANİK YOK
_cYASEMİN DERYA AKA
260 _bÇOCUK GEZEGENİ
999 _c1257381
_d1257381